Geography of South Africa On A Map - Statistics

General Stats
  • This quiz has been taken 186 times
  • The average score is 20 of 43
Answers on the Map
Answers color-coded by a green-red scale on the quiz's map according to % correct below.
 
Answer Stats
Answer % Correct
Capital Cape Town
99%
Capital Pretoria
97%
Capital Bloemfontein
87%
City Durban
84%
River Orange
82%
Bordering Country Eswatini
80%
Bordering Country Lesotho
80%
Bordering Country Mozambique
80%
Bordering Country Botswana
79%
Bordering Country Namibia
79%
City Port Elizabeth
76%
Bordering Country Zimbabwe
76%
Desert Kalahari
75%
Bordering Ocean Indian
71%
Bordering Ocean Atlantic
70%
Province Limpopo
60%
River Limpopo
60%
Other Geographic Point Tropic of {Capricorn}
59%
Province Eastern Cape
57%
Province Western Cape
56%
Province Northern Cape
54%
Province Kwazulu-Natal
45%
City East London
44%
Province Free State
41%
Province Gauteng
39%
National Park Kruger National Park
36%
City Kimberly
27%
Other Geographic Point Cape Agulhas
26%
Province Mpumalanga
26%
Province North West
23%
City Polokwane
18%
City Upington
18%
City Springbok
13%
City Richard's Bay
12%
City Klerksdorp
7%
City Kroonstad
7%
City Mosselbaai
7%
Mountain Mt. Mafadi (Cathedral's Peak)
7%
City Witbank
7%
National Park Addo Elephant National Park
6%
National Park Golden Gate Highland National Park
4%
City Messina
4%
Mountain Maclear's Beacon
3%
No matching quizzes found
Score Distribution
Percent of People with Each Score
Percentile by Number Answered
Your Score History
You have not taken this quiz